000 00466cam a2200169 i 4500
040 _cDLC
082 _a190 MIN 1994 A002 Or.
245 0 0 _aCambodia :
_bfirst state of the environment report 1994 /
300 _axii, 315 pages ;
_c30 cm
500 _aCover title.
650 0 _aNatural resources
650 0 _aEnvironmental policy
650 0 _aEnvironmental protection
710 1 _aCambodia.
710 2 _aUnited Nations Development Programme,
942 _cEK
999 _c16124
_d16124